00489nam a2200145Ia 4500008004100000020002400041082001600065100003500081245005300116260002800169300001000197942001200207999001900219952010500238210430s9999 xx 000 0 und d a3121-3121-3121-3121 a808 B9328 K aSyed Ahmed Shah Pitras Bukhari aKulyaat-e-PitrascSyed Ahmed Shah Pitras Bukhari aLahorebBook Talkc2006 a496p. cBK2ddc c563942d563942 001040708NFICaSCMEbSCMEcGENd0000-00-00l0o808 B9328 KpSCME-3121r2021-04-30w2021-04-30yBK